000 00265nam a22001217a 4500
040 _cSK
082 _a635
100 _aTOUCH HENHGVANN; ទូច ហេងវណ្ណ
245 _aVegetable production
260 _aRUA
_bTOU
_c2012
300 _a29p.
942 _cEK
999 _c9456
_d9456